Escuadra norteamericana
Colección:
San Jorge,
; núm. 10 (abril 1953), pàg 70
Idioma:
Español
MARC
| LEADER | 00000naa a2200000 a 4500 | ||
|---|---|---|---|
| 003 | Arxiu | ||
| 005 | 20260324181039.0 | ||
| 008 | 160829s1953 spcaxx s spa c | ||
| 040 | |a agdb | ||
| 245 | 0 | 0 | |a Escuadra norteamericana |
| 490 | |a San Jorge, |v núm. 10 (abril 1953), pàg 70 | ||
| 610 | 1 | 0 | |a Estats Units d'Amèrica. |b Navy |b Fleet, 6th |9 54257 |
| 650 | 0 | |a Visites oficials |9 31008 |z Barcelona (Catalunya) | |
| 773 | |g Núm. 10 (abril 1953), pàg 70 |t San Jorge. | ||
| 901 | |a Arxiu | ||
| 942 | |n 1 |2 udc |c ART | ||
| 952 | |0 0 |1 0 |4 0 |6 REV508 |7 1 |9 64374 |a Arxiu |b Arxiu |d 2022-11-25 |o Rev-508 |r 2022-11-25 00:00:00 |w 2022-11-25 |y ARXIU |z També disponible a Rev-522 | ||
| 999 | |c 48841 |d 48841 | ||